000 00319nam a2200145Ia 4500
100 _aSharma/Arun
650 _aAptitude
942 _cBK
245 _aHow to prepare for Quantitative Aptitude
260 _bTata Mc Graw hill Ltd.
_c2008
082 _a371.2
_bSHA
300 _a523
546 _aENGLISH
999 _c21362
_d21362